[Event "AUTO-ADV-551"]
[Site "http://www.queenalice.com/game.php?id=235347"]
[Date "2007.7.6"]
[Round "1"]
[White "eliasdiniz"]
[Black "chalachalom"]
[Result "0-1"]
[WhiteElo "1914"]
[BlackElo "1834"]

1. f4 e5 2. fxe5 d6 3. exd6 Bxd6 4. Nf3 Bg4 5. g3 Nf6 6. Bg2 Nc6 7. d4 Ne4 8.
O-O O-O 9. Nbd2 Re8 10. c4 Qd7 11. d5 Nb4 12. Nxe4 Rxe4 13. a3 Na6 14. Nd4 Rxd4
0-1

[Event "AUTO-ADV-551"]
[Site "http://www.queenalice.com/game.php?id=235348"]
[Date "2007.7.6"]
[Round "1"]
[White "chalachalom"]
[Black "csadler"]
[Result "1-0"]
[WhiteElo "1821"]
[BlackElo "1874"]

1. e4 c5 2. b4 cxb4 3. a3 bxa3 4. Nxa3 d6 5. Bc4 e6 6. Nh3 Nf6 7. Qf3 Nc6 8. c3
Be7 9. d4 e5 10. d5 Na5 11. Ba2 Bxh3 12. Qxh3 Nxe4 13. Qg4 Nxc3 14. Qxg7 Bf6 15.
Qg3 Nxa2 16. Rxa2 Qb6 17. Qg4 Qd4 18. Qxd4 exd4 19. Nb5 Bd8 20. Nxd6+ Ke7 21.
Nf5+ Kf6 22. Nxd4 Ke5 23. O-O Kxd4 24. Bb2+ Kxd5 25. Bxh8 Bb6 26. Rd2+ Ke6 27.
Re1+ Kf5 28. Rd5+ Kg6 29. Rd6+ Kf5 30. Re5+ Kf4 31. g3+ Kf3 32. Rf6+ Kg4 33. Kg2
Bxf2 34. h3# 1-0

[Event "AUTO-ADV-551"]
[Site "http://www.queenalice.com/game.php?id=235349"]
[Date "2007.7.6"]
[Round "1"]
[White "csadler"]
[Black "chalachalom"]
[Result "0-1"]
[WhiteElo "1932"]
[BlackElo "1800"]

1. d4 Nf6 2. Bg5 e6 3. e4 c5 4. e5 h6 5. exf6 hxg5 6. dxc5 Qxf6 7. Nc3 Bxc5 8.
Ne4 Qe5 9. Qe2 Qxb2 10. Rd1 Bb4+ 11. Nd2 b6 12. Nf3 Ba6 13. c4 d5 14. Nxg5 Bxc4
15. Qe3 Bxf1 16. Rxf1 Nc6 17. Nxe6 fxe6 18. Qxe6+ Ne7 19. Qe3 O-O-O 20. Rb1
Qxb1+ 0-1

[Event "Let's Play Chess!"]
[Site "http://www.queenalice.com/game.php?id=262578"]
[Date "2007.8.28"]
[Round "-"]
[White "Kronista"]
[Black "chalachalom"]
[Result "0-1"]
[WhiteElo "1812"]
[BlackElo "1882"]

1. e4 Nf6 2. Nc3 d6 3. Nf3 g6 4. Bc4 Bg7 5. O-O c6 6. d3 b5 7. Bb3 Na6 8. Bg5
Nc5 9. Qd2 h6 10. Bh4 a5 11. a4 Nxb3 12. cxb3 b4 13. Ne2 O-O 14. Bxf6 exf6 15.
Rac1 c5 16. Ng3 Be6 17. d4 cxd4 18. Nxd4 Rc8 19. Nc6 Qd7 20. Nxa5 Rc5 21. Rxc5
dxc5 22. Qxd7 Bxd7 23. Rc1 Rc8 24. f4 Kf8 25. Nb7 c4 26. a5 Bb5 27. Nd6 Rc5 28.
Nxb5 Rxb5 29. Ra1 c3 30. bxc3 bxc3 31. Ne2 Rxb3 32. a6 c2 33. a7 Rb1+ 0-1

[Event "AUTO-OPEN-611"]
[Site "http://www.queenalice.com/game.php?id=263233"]
[Date "2007.8.29"]
[Round "2"]
[White "chalachalom"]
[Black "R_Mutt"]
[Result "0-1"]
[WhiteElo "1916"]
[BlackElo "2317"]

1. e4 d5 2. exd5 Nf6 3. d4 Bg4 4. Be2 Bxe2 5. Nxe2 Qxd5 6. O-O Nc6 7. Bf4 O-O-O
8. c3 e5 9. Be3 g5 10. Nd2 Qd7 11. Nb3 Qe6 12. Qc2 g4 13. dxe5 Qxe5 14. Rad1 Nd5
15. Bd2 Qxe2 16. Qf5+ Qe6 0-1

[Event "AUTO-OPEN-611"]
[Site "http://www.queenalice.com/game.php?id=263234"]
[Date "2007.8.29"]
[Round "2"]
[White "R_Mutt"]
[Black "chalachalom"]
[Result "1-0"]
[WhiteElo "2253"]
[BlackElo "1885"]

1. e4 d6 2. d4 Nf6 3. Nc3 g6 4. f4 Bg7 5. Nf3 O-O 6. e5 Nfd7 7. h4 c5 8. h5 cxd4
9. Qxd4 dxe5 10. Qf2 Nc6 11. hxg6 fxg6 12. Bc4+ Rf7 13. Ng5 1-0

[Event "Let's Play Chess!"]
[Site "http://www.queenalice.com/game.php?id=267575"]
[Date "2007.9.6"]
[Round "-"]
[White "RiddleMeQuick"]
[Black "chalachalom"]
[Result "1/2-1/2"]
[WhiteElo "1942"]
[BlackElo "1873"]

1. d4 Nf6 2. c4 c5 3. d5 b5 4. b3 g6 5. Bb2 Bg7 6. Nf3 d6 7. e3 bxc4 8. Bxc4
Nbd7 9. Nc3 Ne4 10. Qc2 Qa5 11. Rc1 Nef6 12. O-O O-O 13. Ne2 Ba6 14. Ng3 Bxc4
15. bxc4 Rfb8 16. Ba1 1/2-1/2

[Event "Challenge"]
[Site "http://www.queenalice.com/game.php?id=276700"]
[Date "2007.9.25"]
[Round "-"]
[White "lesangesleader"]
[Black "chalachalom"]
[Result "1/2-1/2"]
[WhiteElo "1736"]
[BlackElo "1879"]

1. Nf3 d5 2. d4 Bf5 3. Nc3 e6 4. Bd2 c5 5. e3 Nc6 6. dxc5 Bxc5 7. Be2 Nf6 8. a3
O-O 9. O-O e5 10. b4 Bd6 11. Nh4 Ne7 12. Nxf5 Nxf5 13. h3 Qc7 14. Nb5 Qc6 15.
Nxd6 Qxd6 16. c4 d4 17. exd4 exd4 18. c5 Qd5 19. Bf3 Qd7 20. Bg4 Nxg4 21. hxg4
Nh4 22. g3 Ng6 23. f3 Rfe8 24. Bf4 Re6 25. Bd6 Rae8 26. Qxd4 Nf8 1/2-1/2

[Event "AUTO-OPEN-727"]
[Site "http://www.queenalice.com/game.php?id=279697"]
[Date "2007.10.1"]
[Round "2"]
[White "chalachalom"]
[Black "Amadeus"]
[Result "0-1"]
[WhiteElo "1898"]
[BlackElo "2419"]

1. e4 c5 2. Nf3 d6 3. Bb5+ Bd7 4. Bxd7+ Nxd7 5. b3 Ngf6 6. d3 g6 7. Bb2 Bg7 8.
O-O O-O 9. Nbd2 Nb8 10. Nh4 Nc6 11. f4 Nxe4 12. Bxg7 Nxd2 13. Qxd2 Kxg7 14. f5
Qa5 15. Qg5 Qc3 16. fxg6 fxg6 17. Nf5+ Rxf5 18. Rxf5 Qxa1+ 19. Rf1 Qd4+ 0-1

[Event "AUTO-OPEN-727"]
[Site "http://www.queenalice.com/game.php?id=279698"]
[Date "2007.10.1"]
[Round "2"]
[White "Amadeus"]
[Black "chalachalom"]
[Result "1-0"]
[WhiteElo "2408"]
[BlackElo "1887"]

1. d4 Nf6 2. c4 c5 3. d5 b5 4. Nf3 d6 5. cxb5 a6 6. bxa6 Bxa6 7. Nc3 g6 8. g3
Bg7 9. Bg2 O-O 10. O-O Nbd7 11. Re1 Qa5 12. Bd2 Rfb8 13. b3 Nb6 14. Qc2 c4 15.
Nd4 Bb7 16. Nc6 Bxc6 17. dxc6 1-0

[Event "por el plasser"]
[Site "http://www.queenalice.com/game.php?id=281269"]
[Date "2007.10.4"]
[Round "-"]
[White "charles31"]
[Black "chalachalom"]
[Result "0-1"]
[WhiteElo "1756"]
[BlackElo "1876"]

1. e4 Nf6 2. Nc3 d5 3. exd5 Nxd5 4. Nxd5 Qxd5 5. Qf3 Qxf3 6. Nxf3 Bf5 7. Bb5+ c6
8. Ba4 e6 9. d4 b5 10. Bb3 a5 11. O-O a4 12. Bxe6 fxe6 13. Bf4 Bxc2 14. a3 Be7
15. Rac1 Bb3 16. Bxb8 Rxb8 17. Rxc6 O-O 18. Rfc1 Bd5 19. Rc7 Bd8 20. R7c2 Bxf3
21. gxf3 Rxf3 22. Kg2 Rf8 23. Re2 Bf6 24. Rd1 Rfd8 25. Rxe6 Rxd4 26. Rde1 Rd3
27. Rc1 Bxb2 28. Rcc6 Bxa3 29. Ra6 Bf8 30. h4 a3 31. Re1 b4 32. Re4 b3 33. Rxa3
Bxa3 0-1

[Event "Let's Play Chess!"]
[Site "http://www.queenalice.com/game.php?id=294899"]
[Date "2007.10.29"]
[Round "-"]
[White "chalachalom"]
[Black "trallala"]
[Result "1-0"]
[WhiteElo "1896"]
[BlackElo "1992"]

1. e4 g5 2. d4 e6 3. Nf3 Be7 4. Be3 b6 5. Bc4 d5 6. exd5 exd5 7. Bd3 Be6 8. Qd2
h6 9. Ne5 Qd6 10. f4 f6 11. Bg6+ 1-0

[Event "Let's Play Chess!"]
[Site "http://www.queenalice.com/game.php?id=294900"]
[Date "2007.10.29"]
[Round "-"]
[White "chalachalom"]
[Black "trallala"]
[Result "1-0"]
[WhiteElo "1886"]
[BlackElo "1703"]

1. d4 h5 2. e4 g6 3. Bc4 e6 4. Bb3 Bg7 5. Nc3 Ne7 6. Bg5 f6 7. Bf4 d6 8. h4 c6
9. Qe2 Na6 10. O-O-O Nc7 11. e5 d5 12. exf6 Bxf6 13. Bg5 Nf5 14. Nf3 Bd7 15.
Bxf6 Qxf6 16. Qe5 Qxe5 17. Nxe5 1-0

[Event "AUTO-ADV-551"]
[Site "http://www.queenalice.com/game.php?id=299168"]
[Date "2007.11.6"]
[Round "2"]
[White "Jorac"]
[Black "chalachalom"]
[Result "1-0"]
[WhiteElo "1967"]
[BlackElo "1849"]

1. e4 e6 2. d4 d5 3. Nd2 c5 4. Ngf3 Nc6 5. c3 Qb6 6. exd5 exd5 7. Nb3 c4 8. Nbd2
Bd6 9. Be2 Nf6 10. O-O Qc7 11. Re1 O-O 12. Nf1 Bf5 13. Ng3 Bg6 14. Bg5 Ne4 15.
Bh4 f5 16. Ng5 Rae8 17. N3xe4 Bxh2+ 18. Kh1 fxe4 19. Bg4 Nd8 20. Qe2 Bd6 21. Bh5
Bxh5 22. Qxh5 h6 23. Nh3 Qf7 24. Qg4 Ne6 25. Kg1 Nf4 26. Nxf4 Qxf4 27. Qh3 b5
28. Bg3 Qf6 29. Rf1 Bxg3 30. Qxg3 a5 31. b3 Qe7 32. bxc4 bxc4 33. a4 Rf5 34.
Rab1 Qa3 35. Ra1 Qf8 36. Qe3 Rb8 37. f3 exf3 38. Rxf3 Rxf3 39. gxf3 Qf7 40. Ra2
1-0

[Event "AUTO-ADV-551"]
[Site "http://www.queenalice.com/game.php?id=299169"]
[Date "2007.11.6"]
[Round "2"]
[White "chalachalom"]
[Black "Jorac"]
[Result "1/2-1/2"]
[WhiteElo "1895"]
[BlackElo "2108"]

1. e4 c5 2. Nf3 d6 3. Bb5+ Bd7 4. Bxd7+ Nxd7 5. b3 a6 6. O-O Ngf6 7. d3 g6 8.
Bb2 Bg7 9. Ng5 O-O 10. f4 e6 11. Nd2 b5 12. Qe1 h6 13. Nh3 Kh7 14. Qh4 Nh5 15.
Qxd8 Raxd8 16. Bxg7 Nxg7 17. a4 Ra8 18. axb5 axb5 19. Kf2 f5 20. Ke3 Nf6 21. Nf2
b4 22. Ra4 d5 23. Rfa1 Rxa4 24. Rxa4 h5 25. Nf3 Nd7 26. e5 1/2-1/2

[Event "AUTO-ADV-551"]
[Site "http://www.queenalice.com/game.php?id=299174"]
[Date "2007.11.6"]
[Round "2"]
[White "eliasdiniz"]
[Black "chalachalom"]
[Result "1-0"]
[WhiteElo "1861"]
[BlackElo "1904"]

1. f4 d5 2. Nf3 Nf6 3. e3 Bf5 4. b3 Nbd7 5. Bb2 e6 6. Bd3 Bxd3 7. cxd3 Nc5 8.
Qe2 Be7 9. O-O Qd7 10. Ne5 Qd6 11. Nc3 a6 12. b4 Ncd7 13. Nxd7 Kxd7 14. b5 d4
15. Ne4 Nxe4 16. dxe4 d3 17. Qf2 axb5 18. Rac1 Rxa2 19. Be5 Qb6 20. Rxc7+ Ke8
21. Rc8+ Bd8 22. Bc7 Qc6 23. Rxd8+ Ke7 24. Qh4+ f6 25. Rxh8 Qxc7 26. Rxh7 Kd6
27. e5+ fxe5 28. fxe5+ Kd5 29. Qd4+ Kc6 30. Rxg7 1-0

[Event "Challenge"]
[Site "http://www.queenalice.com/game.php?id=342779"]
[Date "2008.1.25"]
[Round "-"]
[White "chalachalom"]
[Black "Nyvang"]
[Result "0-1"]
[WhiteElo "1886"]
[BlackElo "1740"]

1. Nf3 g6 2. g3 b6 3. Bg2 Bb7 4. d4 Bg7 5. c4 c5 6. d5 d6 7. Nc3 Bxc3+ 8. bxc3
Nf6 9. Bh6 Ng4 10. Bf4 O-O 11. Ng5 Qd7 12. f3 Ne5 13. h4 h6 14. Ne4 Qf5 15. Bxh6
Re8 16. g4 Qd7 17. h5 Nxc4 18. hxg6 Ne3 19. Qd2 Nxg2+ 20. Kf2 f5 21. Bf8 f4 22.
Kxg2 Rxf8 23. Rh7 Qe8 24. c4 Qxg6 25. Rah1 Nd7 26. Rh8+ Kg7 27. R1h7+ Qxh7 28.
Rxh7+ Kxh7 29. Ng5+ Kg8 30. Qd3 Nf6 31. Qg6+ Kh8 32. Nf7+ Rxf7 33. Qxf7 Re8 34.
g5 Rg8 35. Qxe7 Rxg5+ 36. Kf2 Ba6 37. Qxf6+ Rg7 38. Qf8+ Kh7 0-1

[Event "Let's Play Chess!"]
[Site "http://www.queenalice.com/game.php?id=348686"]
[Date "2008.2.5"]
[Round "-"]
[White "rhsatrhs"]
[Black "chalachalom"]
[Result "1-0"]
[WhiteElo "1895"]
[BlackElo "1864"]

1. e4 d6 2. d4 Nf6 3. Nc3 g6 4. Nf3 Bg7 5. Bc4 Na6 6. O-O O-O 7. Re1 c5 8. Bg5
cxd4 9. Qxd4 Nc5 10. Qe3 Ng4 11. Qd2 Ne6 12. Bxe6 Bxe6 13. Rab1 Rc8 14. Be3 Qa5
15. h3 Nxe3 16. Rxe3 Bh6 17. b4 Qa6 18. Nd5 Bxd5 19. Qxd5 Bxe3 20. fxe3 Rxc2 21.
Rf1 Qe2 22. Nh4 Qxe3+ 23. Kh1 Qe2 24. Rg1 1-0